The New International Manager : An Action Guide for Cross-Cultural Business /
Manual ejecutivo para gerentes y empresarios que su trabajo tenga que ver con negociaciones internacionales. Aquí se ofrecen ciertas rutas a considerar para llegar a un buen entendimiento con la contra parte y cómo realizar las negociaciones.
保存先:
| 第一著者: | |
|---|---|
| その他の著者: | |
| フォーマット: | 図書 |
| 言語: | 英語 |
| 出版事項: |
Londres, Inglaterra :
Kogan Page,
1993, c1993
|
| 版: | Ed. rev. |
| 主題: | |
| タグ: |
タグなし, このレコードへの初めてのタグを付けませんか!
|
MARC
| LEADER | 00000nam^a2200000^a^4500 | ||
|---|---|---|---|
| 001 | 000182601 | ||
| 005 | 20250521000000.0 | ||
| 009 | 20260310102013.913 | ||
| 020 | |a 0-7494-1054-X | ||
| 037 | |a Acervo ITESO - Biblioteca | ||
| 041 | |a ING | ||
| 082 | |a 658. 18 |b GUY | ||
| 100 | |a Guy, Vincent |e (autor) | ||
| 245 | 1 | 4 | |a The New International Manager : |b An Action Guide for Cross-Cultural Business / |c V.Guy, J. Mattock. |
| 250 | |a Ed. rev. | ||
| 264 | 4 | |a Londres, Inglaterra : |b Kogan Page, |c 1993, c1993 | |
| 300 | |a 172 p. | ||
| 336 | |a texto |b txt |2 rdacontenido | ||
| 337 | |a sin mediación |b n |2 rdamedio | ||
| 338 | |a volumen |b nc |2 rdasoporte | ||
| 520 | |a Manual ejecutivo para gerentes y empresarios que su trabajo tenga que ver con negociaciones internacionales. Aquí se ofrecen ciertas rutas a considerar para llegar a un buen entendimiento con la contra parte y cómo realizar las negociaciones. | ||
| 649 | |a XX | ||
| 650 | |a Transnacionales - |x Administración | ||
| 650 | |a Interacción Social | ||
| 650 | |a Redes Sociales | ||
| 650 | |a Comunicación Internacional | ||
| 650 | |a Diversidad Cultural | ||
| 650 | |a Comunicación Organizacional | ||
| 650 | |a Negociación y Mediación Política | ||
| 650 | |a Mediación de la Comunicación | ||
| 650 | |a Motivación | ||
| 650 | |a Liderazgo | ||
| 650 | |a Cambios Sociales y Culturales | ||
| 650 | |a Cultura Organizacional | ||
| 650 | |a Competitividad | ||
| 650 | |a Globalización | ||
| 650 | |a Planeación Estratégica | ||
| 650 | |a Planeación Administrativa | ||
| 650 | |a Proceso Administrativo | ||
| 650 | |a Empresas - |x Administración | ||
| 650 | |a Empresa y Sociedad | ||
| 700 | |a Mattock, John |e (autor) | ||
| 910 | |a Fondo General | ||
| 920 | |a Impresos - Libros | ||
| 930 | |a Colección General | ||
| 905 | |a 101 | ||
| 901 | |a 0500122591 |b IT1 |c ACC |u 20250521 | ||
| 902 | |a https://opac.biblio.iteso.mx/vufind/Record/000182601 | ||